Deutsch-polnische Affinitäten im Schaffen Tadeusz Kantors

Titel: Deutsch-polnische Affinitäten im Schaffen Tadeusz Kantors / Karolina Prykowska-Michalak
Verfasser:
In: Zeitschrift für Slawistik, Band 61, Heft 4 (2016), Seite 602-615
alle Artikel anzeigen
Veröffentlicht: 2016
Format: Aufsatz
Sprache: Deutsch
Schlagworte:
Kein Bild verfügbar
X
alg: 42656633
001A    $03025:21-02-18 
001B    $06050:24-06-21 $t10:06:06.000 
001C    $03025:21-02-18 $t08:32:35.000 
001D    $03025:21-02-18 
001U    $0utf8 
001X    $00 
002@    $0Oou 
002C    $aText $btxt $2rdacontent 
002D    $aComputermedien $bc $2rdamedia 
002E    $aOnline-Ressource $bcr $2rdacarrier 
003@    $0426566335 
004P    $010.1515/slaw-2016-0038 
007A    $0426566335 $aHEB 
010@    $ager 
010E    $erda 
011@    $a2016 
021A    $aDeutsch-polnische Affinitäten im Schaffen Tadeusz Kantors $hKarolina Prykowska-Michalak 
028A    $BVerfasser $#Michalak, Karolina Prykowska- $4aut $71067454217 $8Prykowska-Michalak, Karolina [Tp3] $9355591707 
031A    $d61 $e4 $h602-615 $j2016 
037A    $aEnglische Zusammenfassung, Seite 602 
039B    $aEnthalten in $8--Obvc--. Zeitschrift für Slawistik. - Berlin : De Gruyter, 1956-. - Online-Ressource. - ISSN 2196-7016 $x201600000610004398 $9201613530 
044K    $#Kantor, Tadeusz $7118776673 $8Kantor, Tadeusz$Z1915-1990 [Tp1] $9087117320 
044K    $RDeutsches Sprachgebiet $RDeutschland $RDeutschland $#Deutsche Länder $#Germany Deutschland $#Heiliges Römisches Reich $#Rheinbund $#Deutscher Bund $#Norddeutscher Bund $#Deutsches Reich $#Deutschland Gebiet unter Alliierter Besatzung $#Deutschland Bundesrepublik, 1990- $#BRD 1990- $#Federal Republic of Germany Deutschland $#Republic of Germany Deutschland $#Allemagne Deutschland $#Ǧumhūrīyat Almāniyā al-Ittiḥādīya $#Bundesrepublik Deutschland 1990- $#BRD $#Niemcy $#République Fédérale d'Allemagne Deutschland $#Repubblica Federale di Germania Deutschland $#Germanija $#Federativnaja Respublika Germanija $#FRG $#Deyizhi-Lianbang-Gongheguo $74011882-4 $8Deutschland [Tg1] $9085025550 
044K    $RKongresspolen $RWestgalizien $#Generalgouvernement Polen $#Polska $#Rzeczpospolita Polska $#Polska Rzeczpospolita Ludowa $#Poland $#Pologne $#République Polonaise $#Generalne Gubernatorstwo w Polsce $#Polish People's Republic $#Polska Rzeczpospolita Polen $#PRL $#RP $#Polen Generalgouvernement $#Polska Generalgouvernement $#Besetzte Polnische Gebiete $#Besetztes Gebiet in Polen $#Okupowane Polskie Obszary $#Obszary Okupowane w Polsce $#Volksrepublik Polen $#Polska Rosyjska $#Republic Polen $#Respublika Pol'ša $#Pol'skaja Narodnaja Respublika $#République de Pologne $#Polen Links der Weichsel $#Polska po Lewej Stronie Wisły $#Lenkija $#Polija $#Gubernija Carstva Pol'skago $#Republik Polen $74046496-9 $8Polen [Tg1] $9085129801 
044K    $RKultur $#Ethnic relations $#Cultural relations $#Relations interethniques $#Relations culturelles $#Relaciones étnicas $#Relaciones culturales $#Interkulturelle Beziehungen $#kulturelle Beziehungen $#Kulturelle Beziehungen $#Kulturbeziehung $74033552-5 $8Kulturbeziehungen [Ts1] $9085089621 
044K    $RTheaterwissenschaft $#Theater $#Théâtre $#Theaters $#Théâtres $#Theaterleben $#Theaterkultur $74059702-7 $8Theater [Ts1] $908516612X 
044K    $RPolitische Identität $RGeschichtsbild $RGeschichtsdenken $#Conscience historique $#Geschichtsbewusstsein $#Historisches Bewusstsein $#Geschichtsverständnis Geschichtsbewusstsein $#Geschichtskultur $74020526-5 $8Geschichtsbewusstsein [Ts1] $9085049387 
045R    $aGeschichte 1959-2015 
045T    $a7,41 
045T    $aSLAW $qDE-1a $2FID 

lok: 42656633 78

exp: 42656633 78 1 #EPN
201B/01 $021-02-18 $t08:30:08.000 
201C/01 $021-02-18 
201U/01 $0utf8 
203@/01 $0101837762X 
208@/01 $a21-02-18 $be 
209A/01 $a/ $f000 $x00 
209A/01 $ab*p $x01 
220C/01 $apgar 
244Z/01 $#Generalgouvernement Polen $#Polska $#Rzeczpospolita Polska $#Polska Rzeczpospolita Ludowa $#Poland $#Pologne $#République Polonaise $#Generalne Gubernatorstwo w Polsce $#Polish People's Republic $#Polska Rzeczpospolita Polen $#PRL $#RP $#Polen Generalgouvernement $#Polska Generalgouvernement $#Besetzte Polnische Gebiete $#Besetztes Gebiet in Polen $#Okupowane Polskie Obszary $#Obszary Okupowane w Polsce $#Volksrepublik Polen $#Polska Rosyjska $#Republic Polen $#Respublika Pol'ša $#Pol'skaja Narodnaja Respublika $#République de Pologne $#Polen Links der Weichsel $#Polska po Lewej Stronie Wisły $#Lenkija $#Polija $#Gubernija Carstva Pol'skago $#Republik Polen $74046496-9 $8--Tg1--Polen $x01 $9085129801 
247C/01 $82080>Marburg/Lahn, Herder-Institut, Forschungsbibliothek, Bibliographieportal $9336309341
LEADER 00000caa a2200000 c 4500
001 426566335
003 DE-603
005 20210624100606.0
007 cr||||||||||||
008 180221s2016 xx |||| o| u00||u|ger c
024 7 |a 10.1515/slaw-2016-0038  |2 doi 
035 |a (DE-599)HEB426566335 
040 |a DE-603  |b ger  |c DE-603  |d DE-603  |e rda 
041 |a ger 
084 |a 7,41  |2 ssgn 
084 |a SLAW  |q DE-1a  |2 fid 
100 1 |a Prykowska-Michalak, Karolina  |e Verfasser  |4 aut  |0 (DE-603)355591707  |0 (DE-588)1067454217  |2 gnd 
245 0 0 |a Deutsch-polnische Affinitäten im Schaffen Tadeusz Kantors  |c Karolina Prykowska-Michalak 
264 0 |c 2016 
336 |a Text  |b txt  |2 rdacontent 
337 |a Computermedien  |b c  |2 rdamedia 
338 |a Online-Ressource  |b cr  |2 rdacarrier 
500 |a Englische Zusammenfassung, Seite 602 
600 1 7 |a Kantor, Tadeusz  |d 1915-1990  |0 (DE-588)118776673  |0 (DE-603)087117320  |2 gnd 
648 7 |a Geschichte 1959-2015  |2 gnd 
650 7 |a Kulturbeziehungen  |0 (DE-588)4033552-5  |0 (DE-603)085089621  |2 gnd 
650 7 |a Theater  |0 (DE-588)4059702-7  |0 (DE-603)08516612X  |2 gnd 
650 7 |a Geschichtsbewusstsein  |0 (DE-588)4020526-5  |0 (DE-603)085049387  |2 gnd 
651 7 |a Deutschland  |0 (DE-588)4011882-4  |0 (DE-603)085025550  |2 gnd 
651 7 |a Polen  |0 (DE-588)4046496-9  |0 (DE-603)085129801  |2 gnd 
773 0 8 |i Enthalten in  |t Zeitschrift für Slawistik  |d Berlin : De Gruyter, 1956-  |h Online-Ressource  |x 2196-7016  |g Band 61, Heft 4 (2016), Seite 602-615  |w (DE-603)201613530  |w (DE-600)2434774-7 
924 1 |9 2080  |a (DE-603)101837762X  |b DE-2080  |c HES  |d d  |g /